000 00733nam a2200265Ia 4500
003 OSt
005 20221007101159.0
006 a|||||r|||| 00| 0
007 ta
008 221006b |||||||| |||| 00| 0 eng d
024 _a5,985
037 _cTextual
040 _aLCO
_cLCO
_beng
041 _2eng
_aeng
082 _aZv58,N, K6
100 _aBoim Leon
_9702693
245 0 _aLegal Controls in the Soviet Union
260 _aLeyden
_bA. W. Sijthoff Netherlands
_c1966
300 _a360
650 _aLEGAL CONTROL
_9702694
700 _a Morgan G.G.
_9702695
700 _a Rudzinski A.W.
_9702696
942 _hZv58,N, K6
_cTEXL
999 _c1175548
_d1175548